Statistics for Craters of the Moon Quiz

Click here to take the quiz!

General Stats

  • This quiz has been taken 7 times
  • The average score is 2 of 30

Answer Stats

KmAnswer% Correct
85Tycho
86%
96Copernicus
57%
40Aristarchus
29%
88Aristoteles
14%
231Clavius
14%
68Stadius
14%
131Albategnius
0%
301Bailly
0%
97Fra Mauro
0%
199Humboldt
0%
201Janssen
0%
132Langrenus
0%
146Longomontanus
0%
156Maginus
0%
84Metius
0%
114Moretus
0%
184Petavius
0%
22Picard
0%
88Piccolomini
0%
101Pitatus
0%
41Plinius
0%
71Rheita
0%
103Russell
0%
212Schickard
0%
45Seleucus
0%
130Stofler
0%
55Thebit
0%
99Theophilus
0%
141Vendelinus
0%
85Wargentin
0%

Score Distribution

Percentile by Number Answered

Percent of People with Each Score

Your Score History

You have not taken this quiz